00350pab a2200121 454500008004000000100002200040245008600062260000900148300001100157362000900168650001700177773003400194180718b1986 xxu||||| |||| 00| 0 eng d aDastmalchian, Ali aEnviornmental characterististics and organisational climatebAn exploratory study c1986 a609-33 aNov. aOrganisation aJournal of Management Studies